| 000 | 00418nam a2200121Ia 4500 | ||
|---|---|---|---|
| 008 | 160712s9999 xx 000 0 und d | ||
| 100 | _aIck, Judy Celine. | ||
| 245 |
_cJudy Celine Ick _aTenure: A Heraclitan Feat |
||
| 260 |
_c2014 _bJournal of English Studies and Comparative Literature |
||
| 300 | _avol. 14 no. 1 | ||
| 650 | _xLITERATURE | ||
| 856 | _uhttp://journals.upd.edu.ph/index.php/jescl/issue/view/472/showToc | ||
| 999 |
_c297195 _d297195 |
||